=LDR 00000nam 2200000 4500 =001 INLIS000000000061395 =990 ##$$a 30.332/Pb-2011 =005 20221012123150 =035 ##$$a 0010-1022000136 =007 ta =008 221012################g##########0#ind## =020 ##$$a 978-979-22-7273-4 =082 ##$$a 028.5 =084 ##$$a 028.5 BER m =100 #$$a Berrios, frank =245 1#$$a Monster truck mater : $b Mater si jagoan /$c Frank berrios =260 ##$$a Jakarta :$b Gramedia pustaka,$c 2011 =300 ##$$a 15 Hlm : $b Ilus ; $c 20 x 20 Cm. =600 #4$$a Bacaan anak-anak =990 ##$$a 24292429 =990 ##$$a 1202202429 =990 ##$$a 30.332/Pb-2011